000 00459nam a2200145 u 4500
001 000020484
005 20200930011122.0
008 100809s1955 dr r 000 0 spa d
040 _aDO-SdBNP
_bspa
_cBNPHU
082 _axxx
_bL951e
100 1 _aLugo Lovatón, Ramón
_d1907-1987
_943169
245 1 0 _aEscombros :
_bhuracan del 1930 /
_cRamón Lugo Lovatón.
260 _aCiudad Trujillo, República Dominicana :
_bEl Caribe,
_c1955.
300 _a177 p. ;
_c23 cm.
999 _c19988
_d19988